ბათუმის შოთა რუსთაველის სახელმწიფო უნივერსიტეტის ბიბლიოთეკა

კონტროლი და შესრულების შემოწმება ხელმძღვანელობის ლენინური სტილის განუყრელი, შემადგენელი ნაწილია / (ბიბ.ჩანაწერი № 63229)

000 -ლიდერი
ფიქსირებული სიგრძის საკონტროლო ველი 01079nam a22001937a 4500
003 - საკონტროლო ნომრის იდენტიფიკატორი
საკონტროლო ველი Ge_BSU
005 - ბოლო ოპერაციის თარიღი და დრო
საკონტროლო ველი 20250702104619.0
008 - ფიქსირებული სიგრძის მონაცემთა ელემენტები - ზოგადი ინფორმაცია
ფიქსირებული სიგრძის საკონტროლო ველი 250702s1970 ge ||||| |||| 00| 0 geo d
041 ## - ენის კოდი
Language code of text/sound track or separate title geo
080 ## - უნივერსალური ათობითი კლასიფიკაციის ინდექსი
Universal Decimal Classification number 329.150.5:35.078.3 მ-71
100 ## - მთავარი ჩანაწერი - პიროვნების სახელი
Personal name მირცხულავა, ალექსი
9 (RLIN) 25594
245 ## - ცნობა სათაურის შესახებ
Title კონტროლი და შესრულების შემოწმება ხელმძღვანელობის ლენინური სტილის განუყრელი, შემადგენელი ნაწილია /
Statement of responsibility, etc ალექსი მირცხულავა.
264 ## - წარმოების, გამოცემის, დისტრიბუციის და სხვა ცნობები
გამოცემის, წარმოების, დისტრიბუციის... ადგილი თბილისი :
გამოცემის, წარმოების, დისტრიბუციის... სახელწოდება საქ. კპ ცკ-ის გამ-ბა,
გამოცემის, წარმოების, დისტრიბუციის... თარიღი 1970.
300 ## - ფიზიკური აღწერა
Extent 101 გვ. ;
Other physical details 20 სმ.
653 ## - INDEX TERM--UNCONTROLLED
Uncontrolled term პარტიული მშენებლობის საკითხები
653 ## - INDEX TERM--UNCONTROLLED
Uncontrolled term პარტიული ხელმძღვანელობა.
653 ## - INDEX TERM--UNCONTROLLED
Uncontrolled term საზოგადოებრივი კონტროლი.
942 ## - ADDED ENTRY ELEMENTS (KOHA)
Source of classification or shelving scheme
Koha item type წიგნი
ეგზემპლარები
ჩამოწერის სტატუსი დაკარგული ეგზემპლარის სტატუსი კლასიფიკაციის წყარო ან თაროზე გაწყობის სქემა დაზიანების სტატუსი არ გაიცემა მუდმივი მდებარეობა (დაცვის ადგილი) ამჟამინდელი ადგილსამყოფელი თაროზე განთავსების ადგილი შეძენის თარიღი ღირებულება, შესყიდვის ნორმალური ფასი სრული შენახვის შიფრი შტრიხკოდი ბოლო ოპერაციის თარიღი ეგზემპლარის მიმდევრობითი ნომერი (კეტერი?) ფასის ძალაში შესვლის თარიღი ეგზემპლარის სახეობა საჯარო შენიშვნა
          ბათუმის შოთა რუსთაველის სახელმწიფო უნივერსიტეტის მთავარი ბიბლიოთეკა ბათუმის შოთა რუსთაველის სახელმწიფო უნივერსიტეტის მთავარი ბიბლიოთეკა წიგნსაცავი 2025-07-02 0.00 329.150.5:35.078.3 მ-71 72037 2025-07-02 72037 2025-07-02 წიგნი 0,30თ.
          ბათუმის შოთა რუსთაველის სახელმწიფო უნივერსიტეტის მთავარი ბიბლიოთეკა ბათუმის შოთა რუსთაველის სახელმწიფო უნივერსიტეტის მთავარი ბიბლიოთეკა წიგნსაცავი 2025-07-02 0.00 329.150.5:35.078.3 მ-71 72038 2025-07-02 72038 2025-07-02 წიგნი 0,30თ.